000 02095nas a2200277Ia 4500
001 R053-S7919
003 IT-CnALBA
008 170116c99999999xx |||||||||||| ||und||
040 _aIT-CnALBA
_cIT-CnALBA
041 _aITALIANO
100 _aANDREATTA STEFANO
210 _aJESUS
222 _aJESUS
245 0 _aJESUS. CULTURA E ATTUALITÀ CRISTIANA. GENNAIO 1991. VIAGGIO TRA I CATTOLICI URSS. SETTIMANE SOCIALI DEI CATTOLICI. I
250 _a1a ed.
260 _aCINISELLO BALSAMO (MI)
_bPERIODICI SAN PAOLO ED.
_c1991 [1° Ed.:1991 - Ed.Ling.Originale: 1991]
300 _a98 p.
310 _aMENSILE
362 _aFascicolo: 1 / Anno: 13 (1991)
500 _aCONFRONTO DELLE RELIGIONI SULLE DONNE. RITORNO AL SOCIALE. MAGGIORE ECUMENICITA' DEI LAICI. IN PRINCIPIO LA GIOIA, RAVASI GF. L4 BEFFE, BRAVATE DI PIETRO. MESSORI V. GEMELLAGGIO MARIANO BRIANZA, GUINEA BISSAU. ECLESSE DI DIO TRA I TEOLOGI, ARDUSSO FR. SCUOLA CONTRO INGIUSTIZIA. RILETTURA DELLA BIBBIA AL FEMMINILE. OSTACOLI TRA I PROTESTANTI. MADRE PER IL TALMUD. CHADOR E RIPUDIO RILANCIATI NELLO ISLAM. DESINATA A NUTRIRE MA ANCHE ALLA GUERRA. L'OPINIONE, MONTICONE. DIALOGO TRA I LETTORI. MONDO CRISTIANO. L'AVVENIMENTO. PROVOCAZIONE E RISPOSTA. L'ARTE E LA FEDE. AL FEMMINILE. CONFRONTO BIBBIA.
501 _aSocietà San Paolo EM - Piazza San Paolo, 14 - 12051 ALBA (CN) (non commercial uses only) ® Copyright 2017
520 _aCONFRONTO DELLE RELIGIONI SULLE DONNE. RITORNO AL SOCIALE. MAGGIORE ECUMENICITA' DEI LAICI. IN PRINCIPIO LA GIOIA, RAVASI GF. L4 BEFFE, BRAVATE DI PIETRO. MESSORI V. GEMELLAGGIO MARIANO BRIANZA, GUINEA BISSAU. ECLESSE DI DIO TRA I TEOLOGI, ARDUSSO FR. SCUOLA CONTRO INGIUSTIZIA. RILETTURA DELLA BIBBIA AL FEMMINILE. OSTACOLI TRA I PROTESTANTI. MADRE PER IL TALMUD. CHADOR E RIPUDIO RILANCIATI NELLO ISLAM. DESINATA A NUTRIRE MA ANCHE ALLA GUERRA. L'OPINIONE, MONTICONE. DIALOGO TRA I LETTORI. MONDO CRISTIANO. L'AVVENIMENTO. PROVOCAZIONE E RISPOSTA. L'ARTE E LA FEDE. AL FEMMINILE. CONFRONTO BIBBIA.
650 _aSCIENZE UMANE E RELIGIOSE
942 _cCR
957 _71
999 _a77478
_bNO
_g1
_c335464
_d335464